000 00305nam a22001337a 4500
008 170601b xxu||||| |||| 00| 0 eng d
020 _a9780205510870
041 _aeng
080 _23 ED
_a94(7/8)
100 _a17
101 _aSHH
245 _aNATIVE NORTH AMERICA
_cSUTTON.M.Q
942 _2udc
_cBK
999 _c15289
_d15289